[Event "Girls U12 Polish Youth Championship"]
[Site "chess24.com"]
[Date "2018.05.02"]
[Round "5"]
[White "Grzesik, Nikola"]
[Black "Szczotka, Matylda"]
[Result "1/2-1/2"]
[Board "6"]
[WhiteElo "1313"]
[WhiteCountry "POL"]
[WhiteFideId "21816590"]
[WhiteEloChange "-3"]
[BlackElo "1204"]
[BlackCountry "POL"]
[BlackFideId "21858918"]
[BlackEloChange "3"]

1. e4 {[%clk 1:30:58]} e5 {[%clk 1:30:55]} 2. Nf3 {[%clk 1:31:23]} Nc6 {[%clk
1:31:19]} 3. d4 {[%clk 1:31:47]} exd4 {[%clk 1:31:42]} 4. Nxd4 {[%clk 1:32:13]}
Bc5 {[%clk 1:32:03]} 5. Nb3 {[%clk 1:32:38]} Bb6 {[%clk 1:32:06]} 6. Nc3 {[%clk
1:33:00]} Nf6 {[%clk 1:31:19]} 7. Qe2 {[%clk 1:33:18]} d6 {[%clk 1:29:55]} 8. Be3
{[%clk 1:33:43]} Bxe3 {[%clk 1:28:19]} 9. Qxe3 {[%clk 1:33:42]} Qe7 {[%clk
1:25:07]} 10. O-O-O {[%clk 1:31:12]} a6 {[%clk 1:20:59]} 11. f3 {[%clk 1:30:38]}
Be6 {[%clk 1:19:42]} 12. Nd4 {[%clk 1:29:26]} Bd7 {[%clk 1:13:19]} 13. Bc4 {[%clk
1:27:40]} O-O-O {[%clk 1:09:29]} 14. Nxc6 {[%clk 1:19:57]} Bxc6 {[%clk 1:08:24]}
15. Rhe1 {[%clk 1:08:29]} Rhe8 {[%clk 1:02:56]} 16. Nd5 {[%clk 1:06:01]} Bxd5
{[%clk 0:56:22]} 17. Bxd5 {[%clk 1:06:08]} Nxd5 {[%clk 0:54:55]} 18. Rxd5 {[%clk
1:06:20]} Qe6 {[%clk 0:50:06]} 19. Kb1 {[%clk 0:58:26]} Kb8 {[%clk 0:47:56]} 20.
a3 {[%clk 0:53:48]} Rd7 {[%clk 0:45:43]} 21. Re2 {[%clk 0:47:17]} Rde7 {[%clk
0:42:51]} 22. Rd1 {[%clk 0:45:38]} f5 {[%clk 0:35:41]} 23. Rde1 {[%clk 0:44:42]}
g6 {[%clk 0:33:42]} 24. Qd3 {[%clk 0:42:11]} Qf6 {[%clk 0:30:37]} 25. exf5 {[%clk
0:39:04]} Rxe2 {[%clk 0:30:14]} 26. Rxe2 {[%clk 0:39:29]} Rxe2 {[%clk 0:30:24]}
27. Qxe2 {[%clk 0:39:53]} Qxf5 {[%clk 0:30:39]} 28. Qe4 {[%clk 0:38:39]} Qxe4
{[%clk 0:29:51]} 29. fxe4 {[%clk 0:39:03]} Kc8 {[%clk 0:29:34]} 30. Kc1 {[%clk
0:39:28]} Kd7 {[%clk 0:29:16]} 31. Kd2 {[%clk 0:39:46]} Ke6 {[%clk 0:28:44]} 32.
Ke3 {[%clk 0:39:38]} Ke5 {[%clk 0:28:31]} 33. g3 {[%clk 0:39:25]} h5 {[%clk
0:27:12]} 34. h4 {[%clk 0:38:52]} c6 {[%clk 0:26:45]} 35. c3 {[%clk 0:33:09]} d5
{[%clk 0:23:07]} 36. exd5 {[%clk 0:32:23]} cxd5 {[%clk 0:22:40]} 37. a4 {[%clk
0:22:14]} 1/2-1/2

[Event "Girls U12 Polish Youth Championship"]
[Site "chess24.com"]
[Date "2018.05.02"]
[Round "5"]
[White "Dallemura, Anna"]
[Black "Siekanska, Maria"]
[Result "1-0"]
[Board "7"]
[WhiteElo "1268"]
[WhiteCountry "POL"]
[WhiteFideId "21823022"]
[WhiteEloChange "17"]
[BlackElo "1550"]
[BlackCountry "POL"]
[BlackFideId "21852650"]
[BlackEloChange "-17"]

1. e4 {[%clk 1:30:58]} c5 {[%clk 1:30:55]} 2. Nf3 {[%clk 1:31:23]} e6 {[%clk
1:31:20]} 3. d4 {[%clk 1:31:48]} cxd4 {[%clk 1:31:45]} 4. Nxd4 {[%clk 1:32:12]}
Nf6 {[%clk 1:32:10]} 5. Nc3 {[%clk 1:32:30]} d6 {[%clk 1:32:32]} 6. Be3 {[%clk
1:32:41]} Be7 {[%clk 1:32:50]} 7. f4 {[%clk 1:32:54]} O-O {[%clk 1:33:02]} 8. Qf3
{[%clk 1:32:58]} a6 {[%clk 1:32:22]} 9. g4 {[%clk 1:32:42]} Qc7 {[%clk 1:31:01]}
10. O-O-O {[%clk 1:32:37]} b5 {[%clk 1:30:51]} 11. g5 {[%clk 1:32:36]} Nfd7
{[%clk 1:30:55]} 12. a3 {[%clk 1:32:51]} Nc6 {[%clk 1:29:35]} 13. Nxc6 {[%clk
1:32:20]} Qxc6 {[%clk 1:29:45]} 14. Qg3 {[%clk 1:32:10]} Rb8 {[%clk 1:27:54]} 15.
f5 {[%clk 1:28:18]} exf5 {[%clk 1:26:59]} 16. exf5 {[%clk 1:27:55]} Qxh1 {[%clk
1:26:55]} 17. Bg2 {[%clk 1:28:14]} Qxd1+ {[%clk 1:27:18]} 18. Kxd1 {[%clk
1:28:21]} Bb7 {[%clk 1:22:30]} 19. Bxb7 {[%clk 1:26:44]} Rxb7 {[%clk 1:21:56]}
20. f6 {[%clk 1:26:05]} Nxf6 {[%clk 1:21:58]} 21. gxf6 {[%clk 1:23:44]} Bxf6
{[%clk 1:22:19]} 22. h4 {[%clk 1:22:02]} d5 {[%clk 1:21:19]} 23. Bg5 {[%clk
1:17:04]} Bxg5 {[%clk 1:18:42]} 24. Qxg5 {[%clk 1:16:35]} Rd7 {[%clk 1:18:45]}
25. Na2 {[%clk 1:15:18]} a5 {[%clk 1:15:40]} 26. Qd2 {[%clk 1:14:22]} a4 {[%clk
1:11:57]} 27. Qb4 {[%clk 1:13:29]} Rb8 {[%clk 1:11:05]} 28. Nc3 {[%clk 1:12:52]}
d4 {[%clk 1:10:30]} 29. Nxa4 {[%clk 1:08:02]} Rc7 {[%clk 1:08:23]} 30. Qd6 {[%clk
1:07:23]} Rcc8 {[%clk 1:02:29]} 31. Nb6 {[%clk 0:56:16]} Rd8 {[%clk 1:01:45]} 32.
Qc5 {[%clk 0:55:42]} d3 {[%clk 1:00:09]} 33. c3 {[%clk 0:53:05]} Re8 {[%clk
0:57:34]} 34. Nd7 {[%clk 0:41:14]} Rbd8 {[%clk 0:49:12]} 35. Qxb5 {[%clk
0:25:23]} f6 {[%clk 0:42:57]} 36. Qxd3 {[%clk 0:05:49]} Kh8 {[%clk 0:42:32]} 37.
Qd6 {[%clk 0:05:38]} f5 {[%clk 0:41:09]} 38. Kc2 {[%clk 0:04:56]} f4 {[%clk
0:40:51]} 39. Qxf4 {[%clk 0:04:05]} Rxd7 {[%clk 0:41:08]} 40. Qf3 {[%clk
0:03:13]} Rde7 {[%clk 0:39:33]} 41. b4 {[%clk 0:02:14]} Ra7 {[%clk 0:39:15]} 42.
Kb2 {[%clk 0:02:28]} h6 {[%clk 0:37:57]} 43. c4 {[%clk 0:02:23]} Rea8 {[%clk
0:37:51]} 44. h5 {[%clk 0:02:10]} Rd8 {[%clk 0:36:52]} 45. Qe4 {[%clk 0:01:25]}
Rad7 {[%clk 0:36:30]} 46. c5 {[%clk 0:01:01]} Rd4 {[%clk 0:35:37]} 47. Qe6 {[%clk
0:00:59]} Rd2+ {[%clk 0:35:41]} 48. Kb3 {[%clk 0:01:20]} R2d3+ {[%clk 0:35:50]}
49. Kc4 {[%clk 0:01:11]} R8d4+ {[%clk 0:35:46]} 50. Kb5 {[%clk 0:01:28]} Rxa3
{[%clk 0:36:06]} 51. c6 {[%clk 0:01:37]} Ra7 {[%clk 0:35:13]} 52. Kc5 {[%clk
0:01:33]} Rd1 {[%clk 0:35:30]} 53. Kb6 {[%clk 0:01:38]} Ra4 {[%clk 0:35:41]} 54.
b5 {[%clk 0:01:47]} Rc1 {[%clk 0:35:33]} 55. Kb7 {[%clk 0:01:30]} Rca1 {[%clk
0:35:24]} 56. c7 {[%clk 0:01:38]} Ra7+ {[%clk 0:35:52]} 57. Kb6 {[%clk 0:01:44]}
1-0

[Event "Girls U12 Polish Youth Championship"]
[Site "chess24.com"]
[Date "2018.05.02"]
[Round "5"]
[White "Barwinska, Ewa"]
[Black "Roszkiewicz, Zofia"]
[Result "1-0"]
[Board "8"]
[WhiteElo "1517"]
[WhiteCountry "POL"]
[WhiteFideId "21833761"]
[WhiteEloChange "4"]
[BlackElo "1257"]
[BlackCountry "POL"]
[BlackFideId "21837384"]
[BlackEloChange "-4"]

1. e4 {[%clk 1:30:58]} c5 {[%clk 1:30:54]} 2. Nf3 {[%clk 1:31:21]} Nc6 {[%clk
1:31:18]} 3. Bb5 {[%clk 1:31:28]} d6 {[%clk 1:31:32]} 4. O-O {[%clk 1:31:20]} Bd7
{[%clk 1:31:48]} 5. c3 {[%clk 1:29:31]} e5 {[%clk 1:31:40]} 6. d4 {[%clk
1:28:26]} exd4 {[%clk 1:25:41]} 7. cxd4 {[%clk 1:26:54]} Be7 {[%clk 1:24:18]} 8.
Re1 {[%clk 1:24:47]} Nf6 {[%clk 1:15:23]} 9. e5 {[%clk 1:19:29]} dxe5 {[%clk
1:15:13]} 10. dxe5 {[%clk 1:16:14]} Nxe5 {[%clk 0:49:14]} 11. Nxe5 {[%clk
1:15:03]} Bxb5 {[%clk 0:49:26]} 12. Qb3 {[%clk 1:14:56]} O-O {[%clk 0:49:07]} 13.
Qxb5 {[%clk 1:14:16]} Bd6 {[%clk 0:49:02]} 14. Nf3 {[%clk 1:13:11]} Qc7 {[%clk
0:48:47]} 15. Nc3 {[%clk 1:09:57]} Rad8 {[%clk 0:39:12]} 16. h3 {[%clk 1:06:47]}
Rd7 {[%clk 0:29:44]} 17. Bg5 {[%clk 1:01:49]} Nh5 {[%clk 0:25:07]} 18. Rad1
{[%clk 0:56:23]} f6 {[%clk 0:24:39]} 19. Be3 {[%clk 0:55:07]} Rfd8 {[%clk
0:24:07]} 20. Qc4+ {[%clk 0:54:06]} Kh8 {[%clk 0:23:44]} 21. Qg4 {[%clk 0:49:18]}
g6 {[%clk 0:22:37]} 22. Nb5 {[%clk 0:44:51]} Qa5 {[%clk 0:14:24]} 23. Nxd6 {[%clk
0:41:06]} Rxd6 {[%clk 0:14:44]} 24. Rxd6 {[%clk 0:40:45]} Rxd6 {[%clk 0:14:01]}
25. Qc8+ {[%clk 0:40:14]} Rd8 {[%clk 0:14:03]} 26. Qxb7 {[%clk 0:39:07]} Qxa2
{[%clk 0:13:13]} 27. Bxc5 {[%clk 0:37:37]} Qa4 {[%clk 0:12:48]} 28. Qxa7 {[%clk
0:33:39]} Qc4 {[%clk 0:11:07]} 29. Qc7 {[%clk 0:31:01]} Rg8 {[%clk 0:10:32]} 30.
Re7 {[%clk 0:26:59]} Ng7 {[%clk 0:10:50]} 31. Be3 {[%clk 0:26:28]} Qxc7 {[%clk
0:09:05]} 32. Rxc7 {[%clk 0:26:51]} Nf5 {[%clk 0:09:17]} 33. Bd4 {[%clk 0:26:37]}
Nxd4 {[%clk 0:07:47]} 34. Nxd4 {[%clk 0:27:00]} Rb8 {[%clk 0:07:45]} 35. b3
{[%clk 0:26:13]} Rb4 {[%clk 0:07:18]} 36. Rc4 {[%clk 0:26:30]} Rb8 {[%clk
0:07:26]} 37. b4 {[%clk 0:26:45]} Kg7 {[%clk 0:07:21]} 38. b5 {[%clk 0:27:05]}
Kg8 {[%clk 0:07:27]} 39. Rb4 {[%clk 0:27:22]} Rb6 {[%clk 0:07:38]} 40. Rc4 {[%clk
0:27:06]} Rb8 {[%clk 0:07:46]} 41. Rc6 {[%clk 0:27:30]} Kf7 {[%clk 0:07:43]} 42.
b6 {[%clk 0:26:11]} Ke7 {[%clk 0:07:45]} 43. Nb3 {[%clk 0:25:56]} Rb7 {[%clk
0:06:31]} 44. Nc5 {[%clk 0:25:26]} Rb8 {[%clk 0:06:17]} 45. b7 {[%clk 0:25:07]}
Kd8 {[%clk 0:06:20]} 46. Rxf6 {[%clk 0:24:48]} Kc7 {[%clk 0:05:24]} 47. Na6+
{[%clk 0:24:41]} 1-0

[Event "Girls U12 Polish Youth Championship"]
[Site "chess24.com"]
[Date "2018.05.02"]
[Round "5"]
[White "Garbowska, Maja"]
[Black "Rejniak, Zuzanna"]
[Result "1/2-1/2"]
[Board "9"]
[WhiteElo "1207"]
[WhiteCountry "POL"]
[WhiteFideId "21816573"]
[WhiteEloChange "6"]
[BlackElo "1458"]
[BlackCountry "POL"]
[BlackFideId "21848017"]
[BlackEloChange "-6"]

1. e4 {[%clk 1:30:56]} c5 {[%clk 1:30:54]} 2. Nf3 {[%clk 1:31:19]} d6 {[%clk
1:31:16]} 3. d4 {[%clk 1:31:23]} cxd4 {[%clk 1:31:39]} 4. Nxd4 {[%clk 1:31:45]}
Nf6 {[%clk 1:32:04]} 5. Nc3 {[%clk 1:31:52]} a6 {[%clk 1:32:26]} 6. f4 {[%clk
1:32:13]} e5 {[%clk 1:31:27]} 7. Nf3 {[%clk 1:32:34]} Qc7 {[%clk 1:29:39]} 8. Bd3
{[%clk 1:31:15]} Be7 {[%clk 1:22:47]} 9. O-O {[%clk 1:29:39]} O-O {[%clk
1:20:36]} 10. Kh1 {[%clk 1:28:44]} Be6 {[%clk 1:08:39]} 11. Qe1 {[%clk 1:23:52]}
Nbd7 {[%clk 0:48:04]} 12. Bd2 {[%clk 1:21:09]} Nc5 {[%clk 0:45:13]} 13. Nh4
{[%clk 1:15:45]} b5 {[%clk 0:34:09]} 14. a3 {[%clk 1:10:14]} Nxd3 {[%clk
0:28:26]} 15. cxd3 {[%clk 1:10:21]} Nh5 {[%clk 0:24:16]} 16. f5 {[%clk 1:06:27]}
Bd7 {[%clk 0:21:05]} 17. Nd5 {[%clk 1:03:08]} Qd8 {[%clk 0:21:31]} 18. Nf3 {[%clk
1:02:54]} a5 {[%clk 0:17:03]} 19. Rc1 {[%clk 1:02:10]} a4 {[%clk 0:16:15]} 20.
Rc7 {[%clk 1:00:11]} Nf6 {[%clk 0:16:16]} 21. Nxf6+ {[%clk 0:54:12]} Bxf6 {[%clk
0:16:33]} 22. Ba5 {[%clk 0:53:24]} Qe8 {[%clk 0:16:08]} 23. Bb4 {[%clk 0:53:30]}
Bd8 {[%clk 0:11:48]} 24. Rc1 {[%clk 0:52:22]} Ra6 {[%clk 0:09:07]} 25. Qg3 {[%clk
0:51:55]} f6 {[%clk 0:08:14]} 26. Nh4 {[%clk 0:49:08]} Qf7 {[%clk 0:08:01]} 27.
Rf2 {[%clk 0:47:00]} Re8 {[%clk 0:05:20]} 28. Ng6 {[%clk 0:45:25]} hxg6 {[%clk
0:05:21]} 29. fxg6 {[%clk 0:45:36]} Qe6 {[%clk 0:05:46]} 30. Qh4 {[%clk 0:45:24]}
Kf8 {[%clk 0:06:02]} 31. d4 {[%clk 0:41:25]} exd4 {[%clk 0:03:16]} 32. e5 {[%clk
0:41:47]} f5 {[%clk 0:02:58]} 33. Rxf5+ {[%clk 0:35:57]} Qxf5 {[%clk 0:02:44]}
34. Qh8+ {[%clk 0:36:16]} Ke7 {[%clk 0:03:12]} 35. Bxd6+ {[%clk 0:35:50]} Rxd6
{[%clk 0:02:38]} 36. Qxg7+ {[%clk 0:35:49]} Ke6 {[%clk 0:03:05]} 37. exd6 {[%clk
0:36:11]} Kxd6 {[%clk 0:03:06]} 38. Qxd4+ {[%clk 0:35:55]} Ke7 {[%clk 0:02:35]}
39. Qh4+ {[%clk 0:34:32]} Qf6 {[%clk 0:02:22]} 40. Qh7+ {[%clk 0:34:03]} Kf8
{[%clk 0:01:28]} 41. Qxd7 {[%clk 0:33:33]} Qxg6 {[%clk 0:01:24]} 42. Qxb5 {[%clk
0:33:40]} Qe4 {[%clk 0:01:30]} 43. Rf1+ {[%clk 0:33:26]} Kg8 {[%clk 0:01:44]} 44.
Qc5 {[%clk 0:31:57]} Qe5 {[%clk 0:01:12]} 45. Qc4+ {[%clk 0:32:02]} Kh8 {[%clk
0:00:58]} 46. Qxa4 {[%clk 0:32:00]} Bc7 {[%clk 0:01:20]} 47. Qh4+ {[%clk
0:32:09]} Kg8 {[%clk 0:01:43]} 48. Qg4+ {[%clk 0:32:22]} Kh8 {[%clk 0:01:58]} 49.
Qh4+ {[%clk 0:32:15]} Kg8 {[%clk 0:02:24]} 50. Qg4+ {[%clk 0:32:03]} Kh8 {[%clk
0:02:50]} 51. Qh4+ {[%clk 0:32:11]} Kg8 {[%clk 0:03:14]} 1/2-1/2

[Event "Girls U12 Polish Youth Championship"]
[Site "chess24.com"]
[Date "2018.05.02"]
[Round "5"]
[White "Jedrzejewska, Zuzanna"]
[Black "Scisla, Oliwia"]
[Result "1-0"]
[Board "10"]
[WhiteElo "1152"]
[WhiteCountry "POL"]
[WhiteFideId "21833770"]
[WhiteEloChange "17"]
[BlackElo "1469"]
[BlackCountry "POL"]
[BlackFideId "21820465"]
[BlackEloChange "-17"]

1. e4 {[%clk 1:30:58]} c5 {[%clk 1:30:48]} 2. Nf3 {[%clk 1:31:22]} Nc6 {[%clk
1:31:00]} 3. Bb5 {[%clk 1:31:43]} g6 {[%clk 1:30:44]} 4. O-O {[%clk 1:32:01]} Bg7
{[%clk 1:30:56]} 5. Re1 {[%clk 1:32:06]} d6 {[%clk 1:30:40]} 6. h3 {[%clk
1:31:53]} Nf6 {[%clk 1:30:38]} 7. c3 {[%clk 1:31:58]} O-O {[%clk 1:30:41]} 8. d4
{[%clk 1:30:56]} a6 {[%clk 1:29:47]} 9. Bf1 {[%clk 1:30:54]} e6 {[%clk 1:26:26]}
10. Bd2 {[%clk 1:26:58]} b5 {[%clk 1:22:49]} 11. b3 {[%clk 1:26:14]} Bb7 {[%clk
1:19:19]} 12. Qc2 {[%clk 1:18:23]} Rc8 {[%clk 1:18:07]} 13. Qb2 {[%clk 1:15:33]}
Qb6 {[%clk 1:13:06]} 14. Bd3 {[%clk 1:14:31]} cxd4 {[%clk 1:11:23]} 15. cxd4
{[%clk 1:12:41]} Nd7 {[%clk 1:09:55]} 16. Be3 {[%clk 1:11:41]} Nb4 {[%clk
1:01:52]} 17. Qd2 {[%clk 1:09:53]} Nxd3 {[%clk 1:01:51]} 18. Qxd3 {[%clk
1:09:49]} Qc6 {[%clk 0:59:50]} 19. Nbd2 {[%clk 1:08:34]} Qc2 {[%clk 0:57:57]} 20.
Qxc2 {[%clk 1:07:30]} Rxc2 {[%clk 0:58:18]} 21. a4 {[%clk 1:03:22]} Bc6 {[%clk
0:55:29]} 22. Rac1 {[%clk 1:02:01]} Rxc1 {[%clk 0:53:54]} 23. Rxc1 {[%clk
1:00:55]} Rc8 {[%clk 0:54:00]} 24. axb5 {[%clk 0:55:55]} axb5 {[%clk 0:54:16]}
25. b4 {[%clk 0:56:06]} Bb7 {[%clk 0:53:24]} 26. Rxc8+ {[%clk 0:55:23]} Bxc8
{[%clk 0:53:49]} 27. Nb1 {[%clk 0:55:44]} Nf6 {[%clk 0:53:01]} 28. Nfd2 {[%clk
0:55:30]} Bb7 {[%clk 0:51:54]} 29. f3 {[%clk 0:55:32]} Bf8 {[%clk 0:51:32]} 30.
Nb3 {[%clk 0:53:37]} Ne8 {[%clk 0:49:58]} 31. Bd2 {[%clk 0:53:15]} Nc7 {[%clk
0:49:32]} 32. Na3 {[%clk 0:52:56]} Bc6 {[%clk 0:49:04]} 33. Na5 {[%clk 0:52:48]}
Bd7 {[%clk 0:49:10]} 34. Kf2 {[%clk 0:51:24]} d5 {[%clk 0:46:36]} 35. e5 {[%clk
0:50:03]} Na6 {[%clk 0:45:39]} 36. Nc2 {[%clk 0:50:02]} f6 {[%clk 0:44:46]} 37.
f4 {[%clk 0:47:47]} fxe5 {[%clk 0:41:49]} 38. fxe5 {[%clk 0:47:59]} Be7 {[%clk
0:41:47]} 39. g3 {[%clk 0:46:54]} g5 {[%clk 0:41:36]} 40. Kf3 {[%clk 0:47:09]}
Be8 {[%clk 0:41:39]} 41. g4 {[%clk 0:45:10]} Bg6 {[%clk 0:41:37]} 42. Nc6 {[%clk
0:43:50]} Bf8 {[%clk 0:40:49]} 43. Ne1 {[%clk 0:42:01]} h6 {[%clk 0:40:47]} 44.
Na7 {[%clk 0:41:13]} Bxb4 {[%clk 0:37:40]} 45. Bxb4 {[%clk 0:41:01]} Nxb4 {[%clk
0:37:56]} 46. Nxb5 {[%clk 0:41:22]} Be4+ {[%clk 0:38:00]} 47. Kg3 {[%clk
0:41:00]} Nc6 {[%clk 0:36:06]} 48. Kf2 {[%clk 0:39:51]} Nb4 {[%clk 0:34:41]} 49.
Ke3 {[%clk 0:36:33]} Kf7 {[%clk 0:33:50]} 50. Nd6+ {[%clk 0:36:39]} Ke7 {[%clk
0:33:39]} 51. Nxe4 {[%clk 0:36:58]} dxe4 {[%clk 0:33:44]} 52. Kxe4 {[%clk
0:37:25]} Nd5 {[%clk 0:33:25]} 53. Ng2 {[%clk 0:36:28]} Kd7 {[%clk 0:33:22]} 54.
h4 {[%clk 0:35:35]} Nc3+ {[%clk 0:33:18]} 55. Kf3 {[%clk 0:34:38]} Kc6 {[%clk
0:33:14]} 56. hxg5 {[%clk 0:33:13]} hxg5 {[%clk 0:33:33]} 57. Ne3 {[%clk
0:32:11]} Kd7 {[%clk 0:31:23]} 58. Nc4 {[%clk 0:31:40]} Kc6 {[%clk 0:30:47]} 59.
Ne3 {[%clk 0:28:19]} Kd7 {[%clk 0:31:04]} 60. Kf2 {[%clk 0:27:31]} Kc6 {[%clk
0:30:51]} 61. Ke1 {[%clk 0:27:34]} Nb5 {[%clk 0:30:31]} 62. Kd2 {[%clk 0:23:59]}
Nxd4 {[%clk 0:30:48]} 63. Kd3 {[%clk 0:23:43]} Kc5 {[%clk 0:29:31]} 64. Ke4
{[%clk 0:23:24]} Nb3 {[%clk 0:27:50]} 65. Kd3 {[%clk 0:22:09]} Nc1+ {[%clk
0:27:49]} 66. Kc3 {[%clk 0:20:41]} Ne2+ {[%clk 0:26:22]} 67. Kd3 {[%clk 0:20:42]}
Nf4+ {[%clk 0:25:47]} 68. Ke4 {[%clk 0:19:37]} Ng6 {[%clk 0:25:55]} 69. Nc2
{[%clk 0:19:22]} Kc4 {[%clk 0:26:06]} 70. Ne1 {[%clk 0:18:40]} Kc3 {[%clk
0:26:09]} 71. Nf3 {[%clk 0:18:55]} Nf4 {[%clk 0:26:11]} 72. Nxg5 {[%clk 0:18:47]}
Nd3 {[%clk 0:25:44]} 73. Nxe6 {[%clk 0:18:35]} Nf2+ {[%clk 0:25:14]} 74. Kf5
{[%clk 0:18:43]} 1-0

[Event "Girls U12 Polish Youth Championship"]
[Site "chess24.com"]
[Date "2018.05.02"]
[Round "5"]
[White "Olszewska, Wiktoria"]
[Black "Pastuszko, Katarzyna"]
[Result "0-1"]
[Board "11"]
[WhiteElo "1117"]
[WhiteCountry "POL"]
[WhiteFideId "21836485"]
[WhiteEloChange "-4"]
[BlackElo "1357"]
[BlackCountry "POL"]
[BlackFideId "21844615"]
[BlackEloChange "4"]

1. e4 {[%clk 1:30:54]} e5 {[%clk 1:31:19]} 2. Nf3 {[%clk 1:31:17]} Nc6 {[%clk
1:31:40]} 3. Bb5 {[%clk 1:31:24]} a6 {[%clk 1:31:51]} 4. Ba4 {[%clk 1:31:41]}
Nge7 {[%clk 1:31:53]} 5. c3 {[%clk 1:26:32]} g6 {[%clk 1:31:40]} 6. d4 {[%clk
1:24:00]} exd4 {[%clk 1:30:18]} 7. cxd4 {[%clk 1:19:31]} b5 {[%clk 1:29:30]} 8.
Bb3 {[%clk 1:18:24]} Bg7 {[%clk 1:29:05]} 9. Nc3 {[%clk 1:15:08]} d6 {[%clk
1:26:44]} 10. h3 {[%clk 1:10:43]} O-O {[%clk 1:25:10]} 11. O-O {[%clk 1:08:44]}
Na5 {[%clk 1:24:00]} 12. Bc2 {[%clk 1:05:56]} c5 {[%clk 1:22:56]} 13. Be3 {[%clk
0:59:47]} Nc4 {[%clk 1:21:55]} 14. Bc1 {[%clk 0:58:25]} Nc6 {[%clk 1:18:01]} 15.
dxc5 {[%clk 0:52:29]} dxc5 {[%clk 1:16:15]} 16. Qe2 {[%clk 0:44:25]} Be6 {[%clk
1:09:16]} 17. Rd1 {[%clk 0:38:14]} Qe7 {[%clk 1:05:57]} 18. Bg5 {[%clk 0:34:12]}
Qc7 {[%clk 1:00:19]} 19. Bd3 {[%clk 0:31:12]} Nb6 {[%clk 0:49:46]} 20. Rac1
{[%clk 0:29:06]} b4 {[%clk 0:48:25]} 21. Nd5 {[%clk 0:27:54]} Nxd5 {[%clk
0:39:34]} 22. exd5 {[%clk 0:27:02]} Bxd5 {[%clk 0:39:13]} 23. Rxc5 {[%clk
0:26:32]} Rfe8 {[%clk 0:36:23]} 24. Qc2 {[%clk 0:24:19]} Bxf3 {[%clk 0:35:19]}
25. gxf3 {[%clk 0:23:44]} Rac8 {[%clk 0:31:54]} 26. Bxa6 {[%clk 0:21:37]} Ra8
{[%clk 0:17:57]} 27. Rxc6 {[%clk 0:20:12]} Qa5 {[%clk 0:17:10]} 28. Bf6 {[%clk
0:14:02]} Bxf6 {[%clk 0:15:43]} 29. Bc4 {[%clk 0:12:12]} Qg5+ {[%clk 0:14:25]}
30. Kh1 {[%clk 0:09:10]} Qf4 {[%clk 0:09:45]} 31. Kg2 {[%clk 0:05:23]} Be5 {[%clk
0:07:47]} 32. Rh1 {[%clk 0:05:06]} Qg5+ {[%clk 0:05:43]} 33. Kf1 {[%clk 0:05:24]}
Bf4 {[%clk 0:04:44]} 34. h4 {[%clk 0:03:26]} Qe5 {[%clk 0:02:10]} 35. Kg2 {[%clk
0:02:29]} Rad8 {[%clk 0:02:08]} 36. Rc5 {[%clk 0:01:04]} Qf6 {[%clk 0:01:35]} 37.
Rc6 {[%clk 0:00:55]} Qe7 {[%clk 0:01:29]} 38. Bd3 {[%clk 0:00:37]} Qd7 {[%clk
0:01:26]} 39. Rd1 {[%clk 0:00:37]} Qe7 {[%clk 0:01:30]} 40. Rh1 {[%clk 0:00:50]}
Qe5 {[%clk 0:01:13]} 41. Rc5 {[%clk 0:00:57]} Qd6 {[%clk 0:01:22]} 42. Rd1 {[%clk
0:01:18]} Qf6 {[%clk 0:01:25]} 43. Rh1 {[%clk 0:01:31]} Be5 {[%clk 0:01:22]} 44.
Rc6 {[%clk 0:01:21]} Qg7 {[%clk 0:01:16]} 45. Rg1 {[%clk 0:00:44]} Qh6 {[%clk
0:01:01]} 46. Rh1 {[%clk 0:00:45]} Qg7 {[%clk 0:00:43]} 47. b3 {[%clk 0:01:00]}
Bc3 {[%clk 0:01:02]} 48. a3 {[%clk 0:00:47]} Qd4 {[%clk 0:01:04]} 49. axb4 {[%clk
0:00:34]} Qxd3 {[%clk 0:01:13]} 50. Rxc3 {[%clk 0:00:55]} Qe2 {[%clk 0:01:10]}
51. Qxe2 {[%clk 0:00:43]} Rxe2 {[%clk 0:01:34]} 52. Re3 {[%clk 0:00:51]} Rc2
{[%clk 0:01:37]} 53. Kg3 {[%clk 0:00:34]} Rdd2 {[%clk 0:01:50]} 54. Rf1 {[%clk
0:00:42]} f5 {[%clk 0:02:01]} 55. b5 {[%clk 0:00:38]} Rd4 {[%clk 0:01:50]} 56. f4
{[%clk 0:00:32]} Rc5 {[%clk 0:01:31]} 57. Re5 {[%clk 0:00:49]} Rxe5 {[%clk
0:01:25]} 58. fxe5 {[%clk 0:01:15]} Rd5 {[%clk 0:01:43]} 59. f4 {[%clk 0:01:29]}
Rxb5 {[%clk 0:02:01]} 60. Rf3 {[%clk 0:01:36]} Kf7 {[%clk 0:02:13]} 61. Re3
{[%clk 0:01:59]} Ke6 {[%clk 0:02:23]} 62. h5 {[%clk 0:00:49]} gxh5 {[%clk
0:01:23]} 63. Kh4 {[%clk 0:01:14]} Rb4 {[%clk 0:01:39]} 64. Rf3 {[%clk 0:00:58]}
Kd5 {[%clk 0:01:24]} 65. Kxh5 {[%clk 0:00:33]} Ke4 {[%clk 0:01:36]} 66. Rf1
{[%clk 0:00:55]} Ke3 {[%clk 0:01:40]} 67. e6 {time[%clk 0:00:55]} 0-1

[Event "Girls U12 Polish Youth Championship"]
[Site "chess24.com"]
[Date "2018.05.02"]
[Round "5"]
[White "Obrochta, Lena"]
[Black "Tim, Anna"]
[Result "1-0"]
[Board "12"]
[WhiteElo "1342"]
[WhiteCountry "POL"]
[WhiteFideId "21836477"]
[WhiteEloChange "6"]
[BlackElo "1189"]
[BlackCountry "POL"]
[BlackFideId "21861633"]
[BlackEloChange "-6"]

1. e4 {[%clk 1:30:58]} c5 {[%clk 1:30:35]} 2. Nc3 {[%clk 1:31:18]} a6 {[%clk
1:30:05]} 3. f4 {[%clk 1:31:20]} b5 {[%clk 1:28:07]} 4. Nf3 {[%clk 1:29:22]} Bb7
{[%clk 1:25:18]} 5. d3 {[%clk 1:27:43]} e6 {[%clk 1:22:28]} 6. Bd2 {[%clk
1:23:58]} d6 {[%clk 1:16:50]} 7. Ne2 {[%clk 1:19:39]} Nf6 {[%clk 1:05:04]} 8. Ng3
{[%clk 1:18:51]} g6 {[%clk 0:57:05]} 9. Be2 {[%clk 1:16:45]} Bg7 {[%clk 0:57:04]}
10. O-O {[%clk 1:15:16]} O-O {[%clk 0:56:21]} 11. Qe1 {[%clk 1:09:10]} e5 {[%clk
0:44:33]} 12. fxe5 {[%clk 0:56:54]} dxe5 {[%clk 0:44:22]} 13. Qf2 {[%clk
0:54:49]} Nbd7 {[%clk 0:39:30]} 14. h3 {[%clk 0:43:37]} Qc7 {[%clk 0:37:20]} 15.
Nh4 {[%clk 0:40:24]} h6 {[%clk 0:31:43]} 16. Nhf5 {[%clk 0:35:39]} gxf5 {[%clk
0:03:20]} 17. Nxf5 {[%clk 0:35:47]} Kh7 {[%clk 0:03:27]} 18. Qh4 {[%clk 0:30:13]}
1-0